00808nam a22002057a 450000500170000001000150001702000260003203500140005803700090007208200130008110000230009424500770011725000060019426000690020027001080026930000210037794200270039899900190042595201580044420260505155908.0 aENG-148384 c599.00a9788196277307 aEN-131916 bDBAD a158.121 aShreeprabhu989012 aSpritual Lifestyles:bDivine Light Chakras for Enlightment/cShreeprabhu a1 aMaharastrabOorjeesha Miracles Oorjeeshaa Private Limited c2023 bMaharastraaShop No 17, Cosmos Square, Rustomjee, Global City, Virar West, Palgar Thana, Mumbaie401303 a109p.c22cm (pb) 2ddccENh158.1mSPie1 c216071d216071 001040718NFICaDBADbDBADd2026-05-05eDelivery of Books Act Divisiong599.00l0o158.1 SPIpEN-131916r2026-05-05 15:59:50t1v599.00w2026-05-05yEN